La femme haitienne devant la loi / (Record no. 50016)
[ view plain ]
| 000 -LEADER | |
|---|---|
| campo de control de longitud fija | 01138nam a2200181 4500 |
| 001 - NÚMERO DE CONTROL | |
| campo de control | 2240 |
| 005 - FECHA Y HORA DE LA ÚLTIMA TRANSACCIÓN | |
| campo de control | 20230410115907.0 |
| 008 - DATOS DE LONGITUD FIJA--INFORMACIÓN GENERAL | |
| campo de control de longitud fija | 060907n1997 dr spa |
| 035 ## - NÚMERO DE CONTROL DEL SISTEMA | |
| -- | funglode2248 |
| 041 ## - CÓDIGO DE IDIOMA | |
| Código de lengua del texto/banda sonora o título independiente | FR |
| 050 14 - SIGNATURA TOPOGRÁFICA DE LA BIBLIOTECA DEL CONGRESO | |
| Número de clasificación | HQ 1511 N444f 1997 |
| 100 ## - ENTRADA PRINCIPAL--NOMBRE DE PERSONA | |
| Nombre de persona | Nérestant, Micial |
| 245 13 - MENCIÓN DEL TÍTULO | |
| Título | La femme haitienne devant la loi / |
| Mención de responsabilidad, etc. | Micial Nérestant |
| 260 ## - PUBLICACIÓN, DISTRIBUCIÓN, ETC. | |
| Lugar de publicación, distribución, etc. | París : |
| Nombre del editor, distribuidor, etc. | Editions Kathala, |
| Fecha de publicación, distribución, etc. | 1997 |
| 300 ## - DESCRIPCIÓN FÍSICA | |
| Extensión | 129 p. |
| 520 ## - RESUMEN, ETC. | |
| Sumario, etc. | Les traits de la culture patriarcale en orient et en occident, 23. -- La femme selon le code hammourabi, 23. -- L'influence de la culture patriarcale sur l'occident, 33. -- Emergence d'une ére nouvelle, 47. -- Situation féminine en milieu rural et urbain, 61. -- Premier constat : Plus de femmes que d'hommes, 61. -- L'exode fémenin, une planche de salut, 81. -- La législation haitienne de 1982 : Une porte ouverte ... l'émancipation de la femme, 93. -- L'éducation intégrale de la femme pour une vértable émancipation, 103. -- L'éducation ... la démocratie vraie, 109. -- Contribution des institutions religieuses, 113. -- Un meilleur encadrement des enfants, 117 |
| 942 ## - ELEMENTOS DE ENTRADA SECUNDARIOS (KOHA) | |
| Fuente del sistema de clasificación o colocación | Clasificación de Library of Congress |
| Tipo de ítem Koha | |
| Estatus retirado | Estado de pérdida | Fuente del sistema de clasificación o colocación | Estado de daño | No para préstamo | Colección | Biblioteca de origen | Biblioteca actual | Ubicación en estantería | Fecha de adquisición | Serial enumeration / chronology | Signatura topográfica completa | Código de barras | Visto por última vez | Tipo de ítem Koha |
|---|---|---|---|---|---|---|---|---|---|---|---|---|---|---|
| Clasificación de Library of Congress | Ciencias Sociales | Biblioteca Juan Bosch | Biblioteca Juan Bosch | Ciencias Sociales (3er. Piso) | 24/10/2018 | 1 | HQ 1511 N444f 1997 | 00000006005 | 24/10/2018 |
